[Event "Int. Stuttgarter Stadtmeisterschaft A"]
[Site "Ditzingen"]
[Date "2018.05.10"]
[Round "2.8"]
[White "Wettengel, Alexander"]
[Black "Ortmann, David"]
[Result "0-1"]
[WhiteElo "2042"]
[BlackElo "2322"]
[PlyCount "94"]
[EventDate "2018.??.??"]
[WhiteTeam "Stuttgarter SF"]
[BlackTeam "SC Böblingen"]

1. e4 e6 2. d4 d5 3. Nd2 Be7 4. Ngf3 Nf6 5. e5 Nfd7 6. Bd3 c5 7. c3 b6 8. O-O
Ba6 9. Bxa6 Nxa6 10. Qe2 Nc7 11. Ne1 b5 12. f4 b4 13. Ndf3 a5 14. Be3 bxc3 15.
bxc3 c4 16. g4 h5 17. gxh5 Rxh5 18. Ng5 g6 19. Qg4 Nb6 20. Rf3 Na4 21. Bd2 Rb8
22. Rg3 Bxg5 23. fxg5 Rb2 24. Nf3 Qb8 25. Rf1 Rb1 26. Ne1 Qb2 27. Qe2 Qa3 28.
Rgf3 Rh7 29. Qf2 Qe7 30. Nc2 Rb2 31. Bc1 Rxa2 32. Ba3 Qxg5+ 33. Kh1 Qh4 34.
Qxh4 Rxh4 35. Rxf7 Kd8 36. Be7+ Kc8 37. Bxh4 Rxc2 38. Rf8+ Kb7 39. Ra1 Nxc3 40.
Rxa5 N3b5 41. Bd8 Rb2 42. Rf7 Kb8 43. Bxc7+ Nxc7 44. Rc5 Nb5 45. Rf8+ Kb7 46.
Rcc8 c3 47. Rb8+ Kc6 0-1

[Event "Int. Stuttgarter Stadtmeisterschaft A"]
[Site "Ditzingen"]
[Date "2018.05.10"]
[Round "2.9"]
[White "Kabisch, Thilo"]
[Black "Büter, Norbert"]
[Result "1-0"]
[WhiteElo "2315"]
[BlackElo "2032"]
[PlyCount "69"]
[EventDate "2018.??.??"]
[WhiteTeam "SK Schmiden/Cannstatt"]
[BlackTeam "SpVgg Rommelshausen"]

1. e4 d6 2. d4 Nf6 3. Bd3 e5 4. d5 Be7 5. c4 c6 6. Nc3 Nbd7 7. Nge2 a5 8. O-O
O-O 9. Kh1 Nc5 10. Bc2 Bg4 11. f3 Bh5 12. Rb1 Bg6 13. Be3 Nfd7 14. a3 f5 15.
exf5 Bxf5 16. Bxf5 Rxf5 17. b4 axb4 18. axb4 Na6 19. Ng3 Rf7 20. dxc6 bxc6 21.
Nge4 Nf8 22. b5 cxb5 23. Nxb5 Ne6 24. Nbxd6 Bxd6 25. Nxd6 Rd7 26. c5 Naxc5 27.
Bxc5 Nxc5 28. Qd5+ Kf8 29. Qxe5 Rxd6 30. Qxc5 Ra5 31. Qc4 Rad5 32. Rb7 Rd7 33.
Qf4+ Kg8 34. Rb8 Rd1 35. Qc4+ 1-0

[Event "Int. Stuttgarter Stadtmeisterschaft A"]
[Site "Ditzingen"]
[Date "2018.05.10"]
[Round "2.10"]
[White "Reindl, Arno"]
[Black "Pogan, Nikolas"]
[Result "1/2-1/2"]
[WhiteElo "2028"]
[BlackElo "2223"]
[PlyCount "100"]
[EventDate "2018.??.??"]
[WhiteTeam "SG Schwäbisch Gmünd"]
[BlackTeam "Heilbronner SV"]

1. e4 d6 2. d4 Nf6 3. Nc3 e5 4. dxe5 dxe5 5. Qxd8+ Kxd8 6. Nf3 Bd6 7. Bc4 Ke8
8. Bd2 a6 9. a4 b6 10. O-O Bb7 11. Rfe1 Nbd7 12. Nd5 Nxd5 13. Bxd5 Bxd5 14.
exd5 f6 15. Nd4 Kf7 16. Nc6 a5 17. Kf1 Rhe8 18. f3 e4 19. f4 f5 20. g3 g6 21.
Bc3 h5 22. h4 Nf6 23. Bxf6 Kxf6 24. Ke2 Rg8 25. Red1 Kf7 26. c3 Ke8 27. b3 Kd7
28. Ra2 Be7 29. Rad2 Bf6 30. Rc2 Kd6 31. Ke3 Rg7 32. c4 Kc5 33. Rb1 Rd7 34.
Rcc1 Rd6 35. Rc2 Rxc6 36. dxc6 Bd4+ 37. Ke2 Kxc6 38. Rd2 Kc5 39. Rbd1 Rd8 40.
Kf1 Rd6 41. Ke2 Rd7 42. Kf1 Rd8 43. Ke2 Rd6 44. Kf1 Be3 45. Rxd6 cxd6 46. Ke2
Bd4 47. Rd2 Bg1 48. Rd1 Bd4 49. Rd2 Bg1 50. Rd1 Bd4 1/2-1/2

[Event "Int. Stuttgarter Stadtmeisterschaft A"]
[Site "Ditzingen"]
[Date "2018.05.10"]
[Round "2.11"]
[White "Döring, Stefan"]
[Black "Dudek, Richard"]
[Result "1/2-1/2"]
[WhiteElo "1983"]
[BlackElo "2231"]
[PlyCount "89"]
[EventDate "2018.??.??"]
[WhiteTeam "SC Tamm"]
[BlackTeam "SC Eppingen"]

1. e4 c6 2. d4 d5 3. e5 Bf5 4. h4 h6 5. g4 Bd7 6. Bd3 c5 7. dxc5 Qa5+ 8. c3
Qxc5 9. Be3 Qc8 10. Be2 e6 11. Nf3 Bc5 12. Qd3 Ne7 13. Nbd2 Na6 14. Nb3 Qc7 15.
Bxc5 Nxc5 16. Nxc5 Qxc5 17. Nd4 Nc6 18. f4 Nxd4 19. Qxd4 Rc8 20. Qxc5 Rxc5 21.
Rd1 Bb5 22. Rd4 Bxe2 23. Kxe2 Kd7 24. Rf1 f6 25. Kd3 Rhc8 26. g5 hxg5 27. exf6
gxf6 28. fxg5 fxg5 29. hxg5 Rg8 30. Rg4 Rc4 31. Rxc4 dxc4+ 32. Kxc4 Rxg5 33.
Rh1 Kd6 34. Rh7 Kc6 35. Re7 Re5 36. b4 a6 37. Kd4 Re1 38. a4 Rd1+ 39. Ke5 Rd3
40. c4 Ra3 41. a5 Re3+ 42. Kf6 Rf3+ 43. Kxe6 Rf1 44. b5+ axb5 45. cxb5+ 1/2-1/2

[Event "Int. Stuttgarter Stadtmeisterschaft A"]
[Site "Ditzingen"]
[Date "2018.05.10"]
[Round "2.12"]
[White "Leutwyler, Martin"]
[Black "Scholtes, Benedikt"]
[Result "1/2-1/2"]
[WhiteElo "2193"]
[BlackElo "2028"]
[PlyCount "62"]
[EventDate "2018.??.??"]
[WhiteTeam "SF Gottmadingen"]
[BlackTeam "SG Trier"]

1. d4 f5 2. g3 Nf6 3. Bg2 g6 4. Nf3 Bg7 5. O-O O-O 6. b3 d6 7. Bb2 Na6 8. c4
Qe8 9. Nbd2 c5 10. d5 b5 11. Re1 Rb8 12. Bc3 Nc7 13. e4 Nxe4 14. Bxg7 Kxg7 15.
Nxe4 fxe4 16. Ng5 bxc4 17. bxc4 Rb4 18. Qc2 h6 19. Nxe4 Qf7 20. Re3 Bf5 21.
Rae1 e5 22. dxe6 Qxe6 23. Qc3+ Kg8 24. Qd2 Rxc4 25. Ng5 Qf6 26. Bd5+ Nxd5 27.
Qxd5+ Kh8 28. Qxc4 hxg5 29. Re8 Kg7 30. R1e7+ Rf7 31. Qe2 Bh3 1/2-1/2

[Event "Int. Stuttgarter Stadtmeisterschaft A"]
[Site "Ditzingen"]
[Date "2018.05.10"]
[Round "2.13"]
[White "Degenhard, Simon"]
[Black "Lehmann, Stefan"]
[Result "1-0"]
[WhiteElo "2189"]
[BlackElo "1922"]
[PlyCount "53"]
[EventDate "2018.??.??"]
[WhiteTeam "Heilbronner SV"]
[BlackTeam "Ssg Fils-Lauter"]

1. e4 e5 2. Nf3 Nc6 3. Bb5 a6 4. Ba4 Nf6 5. d3 Bc5 6. O-O d6 7. c3 Ba7 8. Nbd2
O-O 9. h3 Ne7 10. Re1 Ng6 11. Nf1 b5 12. Bc2 Nh5 13. Nxe5 Qh4 14. g3 Nxg3 15.
Nxg6 Bxf2+ 16. Kxf2 fxg6+ 17. Kg1 Qxh3 18. Nh2 h5 19. Qd2 Qh4 20. Qg5 Qh3 21.
Bf4 h4 22. Re3 Bg4 23. Bd1 Rxf4 24. Qxf4 Rf8 25. Bb3+ Be6 26. Bxe6+ Qxe6 27.
Qxh4 1-0

[Event "Int. Stuttgarter Stadtmeisterschaft A"]
[Site "Ditzingen"]
[Date "2018.05.10"]
[Round "2.14"]
[White "Viehoff, Jürgen"]
[Black "Maisch, Julian"]
[Result "0-1"]
[WhiteElo "1897"]
[BlackElo "2184"]
[PlyCount "96"]
[EventDate "2018.??.??"]
[WhiteTeam "SC Stetten a.d.F."]
[BlackTeam "SF Kornwestheim"]

1. d4 Nf6 2. Nf3 g6 3. Bg5 Bg7 4. Nbd2 c5 5. Bxf6 exf6 6. dxc5 O-O 7. e3 Qa5 8.
Be2 Qxc5 9. O-O Nc6 10. c3 d5 11. Nb3 Qd6 12. Qd2 Be6 13. Rad1 Qc7 14. Nfd4 Ne5
15. Qc2 f5 16. Nf3 h5 17. Nbd4 Bf6 18. Nxe6 fxe6 19. h3 Nxf3+ 20. Bxf3 b5 21.
a3 a5 22. Qe2 Rab8 23. g4 hxg4 24. hxg4 Rf7 25. Kg2 Qc4 26. Rg1 Qxe2 27. Bxe2
b4 28. axb4 axb4 29. c4 Bxb2 30. cxd5 e5 31. Bc4 Rc7 32. Bb3 Rc3 33. Ba4 Ra3
34. Bd7 f4 35. Be6+ Kg7 36. Rb1 Bc3 37. exf4 exf4 38. Rgd1 Kf6 39. Rh1 Be5 40.
Rh3 Rxh3 41. Kxh3 f3 42. g5+ Kxg5 43. Rg1+ Kf6 44. Kg4 b3 45. Rb1 b2 46. Bd7
Rb3 47. Ba4 Rb4+ 48. Kh3 g5 0-1

[Event "Int. Stuttgarter Stadtmeisterschaft A"]
[Site "Ditzingen"]
[Date "2018.05.10"]
[Round "2.15"]
[White "Cofmann, Veaceslav"]
[Black "Handel, Oliver"]
[Result "1-0"]
[WhiteElo "2183"]
[BlackElo "1828"]
[PlyCount "61"]
[EventDate "2018.??.??"]
[WhiteTeam "Karlsruher SF"]
[BlackTeam "SF Kornwestheim"]

1. d4 Nf6 2. c4 e6 3. Nf3 d5 4. Nc3 Be7 5. Qc2 c6 6. e4 dxe4 7. Nxe4 Nbd7 8.
Bd3 Nxe4 9. Bxe4 Nf6 10. O-O Nxe4 11. Qxe4 O-O 12. Bf4 h6 13. Rad1 g5 14. Bc1
Bf6 15. h4 Kg7 16. Qe3 Kg6 17. Rd3 Rh8 18. Qe4+ Kg7 19. hxg5 hxg5 20. Nxg5 Bxg5
21. Bxg5 f6 22. Bf4 Kf7 23. Rg3 Qf8 24. Re1 Rh4 25. d5 e5 26. Qg6+ Ke7 27.
Rxe5+ Kd8 28. Re8+ Qxe8 29. Qxf6+ Qe7 30. Rg8+ Kd7 31. Qf5+ 1-0

[Event "Int. Stuttgarter Stadtmeisterschaft A"]
[Site "Ditzingen"]
[Date "2018.05.10"]
[Round "2.16"]
[White "Jaster, Dirk"]
[Black "Migl, Dieter"]
[Result "1/2-1/2"]
[WhiteElo "1849"]
[BlackElo "2170"]
[PlyCount "31"]
[EventDate "2018.??.??"]
[WhiteTeam "SC Feuerbach"]
[BlackTeam "Stuttgarter SF"]

1. d4 d5 2. c4 e6 3. Nf3 c5 4. e3 Nf6 5. Be2 Nc6 6. O-O dxc4 7. Bxc4 a6 8. a4
cxd4 9. exd4 Be7 10. Nc3 Nb4 11. Qe2 O-O 12. Re1 Nbd5 13. Bg5 b6 14. Nxd5 exd5
15. Bxd5 Ra7 16. Bc6 1/2-1/2

[Event "Int. Stuttgarter Stadtmeisterschaft A"]
[Site "Ditzingen"]
[Date "2018.05.10"]
[Round "2.17"]
[White "Bueble, Joschua"]
[Black "Schroeter, Samuel"]
[Result "0-1"]
[WhiteElo "1736"]
[BlackElo "2125"]
[PlyCount "67"]
[EventDate "2018.??.??"]
[WhiteTeam "SV Stockenhausen-Frommern"]
[BlackTeam "SC Böblingen"]

1. d4 g6 2. c4 Bg7 3. Nc3 c5 4. d5 d6 5. e4 Nf6 6. Nge2 Na6 7. Ng3 Nc7 8. Be2
Rb8 9. O-O O-O 10. Re1 a6 11. a4 b6 12. h4 Bd7 13. h5 b5 14. axb5 axb5 15. hxg6
hxg6 16. cxb5 Nxb5 17. Bxb5 Bxb5 18. Bg5 Bd7 19. Qd2 Rb4 20. f4 Ng4 21. Qe2
Bd4+ 22. Kh1 Kg7 23. Nh5+ gxh5 24. g3 Qb6 25. Ra2 f6 26. Bh4 Nf2+ 27. Kg2 Bg4
28. Qd2 Rb8 29. Na4 Qb5 30. Nc3 Qd3 31. Qc1 Qf3+ 32. Kh2 Bh3 33. Rg1 Bd7 34.
Qe1 0-1

[Event "Int. Stuttgarter Stadtmeisterschaft A"]
[Site "Ditzingen"]
[Date "2018.05.10"]
[Round "2.18"]
[White "Verbitsky, Jaroslaw"]
[Black "Latzke, Boris"]
[Result "0-1"]
[WhiteElo "1765"]
[BlackElo "2217"]
[PlyCount "56"]
[EventDate "2018.??.??"]
[WhiteTeam "SV Mattnetz Berlin"]
[BlackTeam "SK Bebenhausen"]

1. e4 e5 2. Nf3 Nc6 3. d4 exd4 4. Nxd4 Bb4+ 5. c3 Bc5 6. Be3 Bb6 7. Nd2 Nf6 8.
Be2 O-O 9. O-O Re8 10. Qc2 Ne5 11. Nf5 d6 12. Bxb6 axb6 13. Ne3 Bd7 14. Nd5 Ng6
15. Rfe1 Nxd5 16. exd5 Qg5 17. a3 Rxe2 18. Rxe2 Nf4 19. Qe4 Nxe2+ 20. Qxe2 Qxd5
21. Re1 h6 22. Nc4 Re8 23. Ne3 Qg5 24. Qf3 Bc6 25. Qg3 Qb5 26. Rb1 Qd3 27. Rc1
Qd2 28. Rb1 Be4 0-1

[Event "Int. Stuttgarter Stadtmeisterschaft A"]
[Site "Ditzingen"]
[Date "2018.05.10"]
[Round "2.19"]
[White "Kuberczyk, Christoph"]
[Black "Afonso, Nils"]
[Result "1/2-1/2"]
[WhiteElo "2244"]
[BlackElo "1911"]
[PlyCount "74"]
[EventDate "2018.??.??"]
[WhiteTeam "SV Diag.Harburg"]
[BlackTeam "SF Kornwestheim"]

1. d4 Nf6 2. c4 g6 3. Nc3 d5 4. cxd5 Nxd5 5. e4 Nxc3 6. bxc3 Bg7 7. Nf3 c5 8.
h3 Nc6 9. Be3 Qa5 10. Bd2 cxd4 11. cxd4 Qa3 12. d5 Nb4 13. Bb5+ (13. Bc1) 13...
Kf8 14. O-O h6 15. Rb1 Na6 16. Bc1 Qxa2 17. Rb3 Qa5 18. Ba3 Nc7 19. d6 exd6 20.
Bxd6+ Kg8 21. Be2 Ne8 22. Bb4 Qc7 23. Qb1 Be6 24. Rc1 Qd7 25. Bc4 Bxc4 26. Rxc4
Qe6 27. Qc2 Kh7 28. e5 a5 29. Ba3 Rb8 30. Rb5 Qa6 31. Qb3 Qe6 32. Rb6 Qd5 33.
Rb5 Qe6 34. Rb6 Qd5 35. Qc2 Qd8 36. Rb5 Qd7 37. Qb3 Qe6 1/2-1/2

[Event "Int. Stuttgarter Stadtmeisterschaft A"]
[Site "Ditzingen"]
[Date "2018.05.10"]
[Round "2.20"]
[White "Schönhof, Timo"]
[Black "Tran, Thanh Kien"]
[Result "0-1"]
[WhiteElo "1948"]
[BlackElo "2194"]
[PlyCount "60"]
[EventDate "2018.??.??"]
[WhiteTeam "SK Engen"]
[BlackTeam "SC Böblingen"]

1. e4 c5 2. Nc3 a6 3. a4 Nc6 4. g3 g6 5. Bg2 Bg7 6. d3 d6 7. Be3 Nf6 8. h3 Rb8
9. Qd2 b5 10. axb5 axb5 11. f4 b4 12. Nd1 Bb7 13. Nf3 Ra8 14. Rxa8 Qxa8 15. O-O
O-O 16. Kh2 Nd7 17. c3 Qa2 18. Re1 Ra8 19. Qf2 bxc3 20. bxc3 Qb3 21. d4 cxd4
22. cxd4 Ra1 23. Qg1 Nb4 24. d5 Nc2 25. Nd4 Bxd4 26. Bxd4 Nxe1 27. Bxa1 Qxd1
28. Bc3 Nf3+ 29. Bxf3 Qxf3 30. Qd4 Nf6 0-1

[Event "Int. Stuttgarter Stadtmeisterschaft A"]
[Site "Ditzingen"]
[Date "2018.05.10"]
[Round "2.21"]
[White "Meier, Desiderius"]
[Black "Rohde, Patrick"]
[Result "1/2-1/2"]
[WhiteElo "2013"]
[BlackElo "1953"]
[PlyCount "39"]
[EventDate "2018.??.??"]
[WhiteTeam "SK Gräfelfing"]
[BlackTeam "Elmshorner SC"]

1. e4 c5 2. b3 d6 3. Bb2 e5 4. Bb5+ Nc6 5. Bxc6+ bxc6 6. Ne2 Nf6 7. d3 Be7 8.
Nd2 Qc7 9. O-O O-O 10. h3 Nh5 11. f4 Nxf4 12. Nxf4 exf4 13. Rxf4 d5 14. Rf3 Be6
15. Qe2 a5 16. a4 Rae8 17. Qf2 Bd6 18. Re1 f6 19. Kh1 Bf7 20. Ba3 1/2-1/2

[Event "Int. Stuttgarter Stadtmeisterschaft A"]
[Site "Ditzingen"]
[Date "2018.05.10"]
[Round "2.22"]
[White "Shourya Jain"]
[Black "Gustain, Marc"]
[Result "1/2-1/2"]
[WhiteElo "1931"]
[BlackElo "2152"]
[PlyCount "55"]
[EventDate "2018.??.??"]
[BlackTeam "SF Deizisau"]

1. e4 c5 2. Nc3 a6 3. a4 e6 4. f4 d5 5. d3 Nc6 6. Nf3 Nf6 7. g3 dxe4 8. Nxe4
Nxe4 9. dxe4 Qxd1+ 10. Kxd1 Bd7 11. c3 O-O-O 12. Kc2 f6 13. Be3 e5 14. f5 g6
15. g4 h5 16. g5 gxf5 17. gxf6 Bh6 18. Bxh6 Rxh6 19. f7 Rf8 20. Ng5 Nd8 21. Bc4
f4 22. Rhg1 Kc7 23. Rad1 Bxa4+ 24. b3 Bc6 25. Bd5 Bd7 26. Rd2 Be6 27. Bxe6 Nxe6
28. Rd5 1/2-1/2

[Event "Int. Stuttgarter Stadtmeisterschaft A"]
[Site "Ditzingen"]
[Date "2018.05.10"]
[Round "2.24"]
[White "Jerie, Sven"]
[Black "Kobald, Jacqueline"]
[Result "1-0"]
[WhiteElo "2078"]
[BlackElo "1692"]
[PlyCount "33"]
[EventDate "2018.??.??"]
[WhiteTeam "SG Ludwigsburg"]
[BlackTeam "SV Stuttgart-Wolfbusch"]

1. e4 c5 2. Nf3 e6 3. d4 cxd4 4. Nxd4 Nc6 5. Nb5 d6 6. c4 Nf6 7. N1c3 Be7 8.
Bf4 Ne5 9. c5 Ng6 10. Nxd6+ Bxd6 11. Bxd6 Ne7 12. e5 Nd7 13. Qd2 O-O 14. Bd3 a6
15. O-O Re8 16. Rfe1 Nf8 17. Be4 1-0

[Event "Int. Stuttgarter Stadtmeisterschaft A"]
[Site "Ditzingen"]
[Date "2018.05.10"]
[Round "2.25"]
[White "Schulte, Torsten"]
[Black "Lahouel, Kim-Luca"]
[Result "1-0"]
[WhiteElo "2094"]
[BlackElo "1736"]
[PlyCount "49"]
[EventDate "2018.??.??"]
[WhiteTeam "SC Böblingen"]
[BlackTeam "Heilbronner SV"]

1. d4 d5 2. c4 e5 3. dxe5 d4 4. Nf3 Nc6 5. a3 Nge7 6. b4 Ng6 7. Bb2 Ncxe5 8.
Nxe5 Nxe5 9. e3 Be6 10. c5 Qg5 11. f4 Qg6 12. fxe5 dxe3 13. Qd3 Qg5 14. Qb5+
Bd7 15. Qxb7 Rd8 16. Bb5 Qf5 17. Qf3 Qc2 18. O-O f5 19. Bxd7+ Rxd7 20. Bc3 e2
21. Re1 Rd1 22. Nd2 g5 23. e6 g4 24. Qc6+ Kd8 25. Qd7# 1-0

[Event "Int. Stuttgarter Stadtmeisterschaft A"]
[Site "Ditzingen"]
[Date "2018.05.10"]
[Round "2.26"]
[White "Dreyer, Andre"]
[Black "Reck, Moritz"]
[Result "0-1"]
[WhiteElo "1905"]
[BlackElo "2134"]
[PlyCount "77"]
[EventDate "2018.??.??"]
[WhiteTeam "SV Stockenhausen-Frommern"]
[BlackTeam "TSV Schönaich"]

1. d4 f5 2. e4 fxe4 3. Nc3 Nf6 4. Bg5 g6 5. Bxf6 exf6 6. Nxe4 Bg7 7. Nf3 O-O 8.
Bd3 d5 9. Ng3 Re8+ 10. Ne2 Bg4 11. Qd2 Bxf3 12. gxf3 f5 13. O-O-O Qh4 14. Rdf1
Bh6 15. f4 Nd7 16. Kb1 Nf6 17. f3 c6 18. Rhg1 Kh8 19. c3 Nh5 20. Kc2 Nxf4 21.
Nxf4 Bxf4 22. Qg2 Qxh2 23. b4 b5 24. Qxh2 Bxh2 25. Rh1 Bd6 26. a4 bxa4 27. Ra1
a5 28. b5 a3 29. bxc6 Rab8 30. Rab1 Rec8 31. Rb7 h5 32. Rg1 Rxc6 33. Rxb8+ Bxb8
34. Kd2 Rb6 35. Ra1 Bf4+ 36. Kd1 Rb2 37. c4 Rd2+ 38. Ke1 a2 39. cxd5 0-1

[Event "Int. Stuttgarter Stadtmeisterschaft A"]
[Site "Ditzingen"]
[Date "2018.05.10"]
[Round "2.27"]
[White "Denisow, Jewgeny"]
[Black "Lohvinov, Petro"]
[Result "1-0"]
[WhiteElo "2204"]
[BlackElo "1879"]
[PlyCount "73"]
[EventDate "2018.??.??"]
[WhiteTeam "SG Schwäbisch Gmünd"]
[BlackTeam "SK München Südost"]

1. e4 c5 2. d4 cxd4 3. c3 Nf6 4. e5 Nd5 5. Nf3 e6 6. cxd4 d6 7. Bc4 Nc6 8. O-O
Be7 9. Qe2 O-O 10. Rd1 a6 11. Nc3 Nxc3 12. bxc3 dxe5 13. Nxe5 Nxe5 14. Qxe5 Bd6
15. Qe2 Qc7 16. h3 b5 17. Bd3 Bb7 18. Bd2 Qc6 19. f4 Qd5 20. Re1 Rac8 21. Qf2
Qh5 22. a4 Rfd8 23. axb5 axb5 24. Kh2 g5 25. Ra7 Bd5 26. Re5 Bxe5 27. fxe5 Ra8
28. g4 Rxa7 29. gxh5 Ra2 30. h6 Rda8 31. Kg3 f5 32. exf6 Kf7 33. Qe2 Kxf6 34.
Qe5+ Ke7 35. Qc7+ Kf8 36. Qg7+ Ke8 37. Bxb5+ 1-0

[Event "Int. Stuttgarter Stadtmeisterschaft A"]
[Site "Ditzingen"]
[Date "2018.05.10"]
[Round "2.28"]
[White "Froehlich, Franziska"]
[Black "Narr, Kevin"]
[Result "1-0"]
[WhiteElo "1807"]
[BlackElo "2089"]
[PlyCount "63"]
[EventDate "2018.??.??"]
[WhiteTeam "SC Weiße Dame Ulm"]

1. e4 g6 2. d4 Bg7 3. Be3 d5 4. exd5 Nf6 5. c4 b5 6. Nc3 O-O 7. Nxb5 c6 8. dxc6
Nxc6 9. Nf3 Ne4 10. Be2 Rb8 11. O-O Bf5 12. d5 a6 13. dxc6 axb5 14. cxb5 Bxb2
15. Qb3 Bxa1 16. Rxa1 Qa5 17. Nd4 Bc8 18. Rc1 e5 19. Nf3 Be6 20. Qb2 Qxa2 21.
Qxa2 Bxa2 22. Nxe5 Be6 23. b6 f6 24. Nf3 Bd5 25. c7 Ra8 26. Nd2 Nxd2 27. Bxd2
Ra2 28. b7 Bxb7 29. Bc4+ Kg7 30. Bxa2 Ra8 31. Be6 Ra2 32. Bxa2 1-0

[Event "Int. Stuttgarter Stadtmeisterschaft A"]
[Site "Ditzingen"]
[Date "2018.05.10"]
[Round "2.29"]
[White "Koch, Martin"]
[Black "Wezel, Sebastian"]
[Result "0-1"]
[WhiteElo "2056"]
[BlackElo "1867"]
[PlyCount "36"]
[EventDate "2018.??.??"]
[WhiteTeam "SC Botnang"]
[BlackTeam "SV Dettingen Erms"]

1. d4 Nf6 2. Nf3 g6 3. Bf4 Bg7 4. e3 O-O 5. h3 c5 6. c3 d6 7. Be2 Be6 8. O-O
Qb6 9. Qc1 Nc6 10. Nbd2 Rac8 11. dxc5 Qxc5 12. Nb3 Qb6 13. Qd1 a5 14. Nfd4 Bd7
15. Nxc6 bxc6 16. Qd2 a4 17. Nc1 a3 18. Nb3 Ne4 0-1

[Event "Int. Stuttgarter Stadtmeisterschaft A"]
[Site "Ditzingen"]
[Date "2018.05.10"]
[Round "2.30"]
[White "Zitzelsberger, Philipp"]
[Black "Fischer, Daniel"]
[Result "1/2-1/2"]
[WhiteElo "1912"]
[BlackElo "2004"]
[PlyCount "43"]
[EventDate "2018.??.??"]
[WhiteTeam "SC Weiße Dame Ulm e.V."]
[BlackTeam "SVG Offenburg"]

1. e4 d6 2. d4 Nf6 3. Nc3 e5 4. dxe5 dxe5 5. Qxd8+ Kxd8 6. h3 h6 7. f4 Bb4 8.
Bd2 exf4 9. O-O-O Be6 10. Bxf4+ Nbd7 11. Nge2 c6 12. g4 Ba5 13. Bg2 Bc7 14. e5
Nh7 15. Nd4 Nhf8 16. Rhe1 Ng6 17. Bg3 Kc8 18. Ne4 Bxe5 19. Bxe5 Ndxe5 20. Nxe6
fxe6 21. Nc5 Re8 22. Rd6 1/2-1/2

[Event "Int. Stuttgarter Stadtmeisterschaft A"]
[Site "Ditzingen"]
[Date "2018.05.10"]
[Round "2.31"]
[White "Cummings, Orlyn"]
[Black "Huels, Marco"]
[Result "1/2-1/2"]
[WhiteElo "1883"]
[BlackElo "2010"]
[PlyCount "35"]
[EventDate "2018.??.??"]
[WhiteTeam "SK Schmiden/Cannstatt"]
[BlackTeam "SV Mattnetz Berlin"]

1. e4 e6 2. d4 d5 3. Nd2 Nf6 4. e5 Nfd7 5. Bd3 c5 6. c3 Nc6 7. Ngf3 cxd4 8.
cxd4 Be7 9. O-O g5 10. Nb3 h5 11. Be3 h4 12. Ne1 Qb6 13. a4 Nf8 14. f4 gxf4 15.
Bxf4 Nxd4 16. Be3 Qxb3 17. Bxd4 Qxd1 18. Rxd1 1/2-1/2

[Event "Int. Stuttgarter Stadtmeisterschaft A"]
[Site "Ditzingen"]
[Date "2018.05.10"]
[Round "2.32"]
[White "Metzdorf, Matteo"]
[Black "Steinhart, Christoph"]
[Result "1/2-1/2"]
[WhiteElo "1849"]
[BlackElo "1985"]
[PlyCount "69"]
[EventDate "2018.??.??"]
[WhiteTeam "SG Trier"]
[BlackTeam "TSV Schönaich"]

1. e4 c5 2. Nc3 Nc6 3. g3 g6 4. Bg2 Bg7 5. d3 d6 6. Be3 Nd4 7. f4 e6 8. Nf3 Ne7
9. O-O O-O 10. Qd2 d5 11. Nd1 b6 12. c3 Nxf3+ 13. Bxf3 Bb7 14. e5 Nf5 15. Bf2
h5 16. d4 Ba6 17. Re1 cxd4 18. cxd4 Rc8 19. Nc3 Qd7 20. Rac1 Rc7 21. Kg2 Rfc8
22. h3 Qd8 23. g4 Ne7 24. gxh5 Nf5 25. hxg6 fxg6 26. Bg4 Bh6 27. Kh2 Kh7 28.
Rg1 Qf8 29. Kh1 Rf7 30. Be2 Bxe2 31. Nxe2 Rxc1 32. Qxc1 Ng7 33. Qc2 Rf5 34. Bh4
Qf7 35. Bg5 1/2-1/2

[Event "Int. Stuttgarter Stadtmeisterschaft A"]
[Site "Ditzingen"]
[Date "2018.05.10"]
[Round "2.33"]
[White "Hoeschele, Hans-Ulrich"]
[Black "Speicher, Franz"]
[Result "0-1"]
[WhiteElo "1994"]
[BlackElo "1876"]
[PlyCount "92"]
[EventDate "2018.??.??"]
[WhiteTeam "Stuttgarter SF"]
[BlackTeam "SV Dicker Turm Esslingen"]

1. Nf3 f5 2. c4 Nf6 3. Nc3 g6 4. d3 Bg7 5. Qc2 d6 6. h3 e5 7. e4 c6 8. Be2 a5
9. b3 Na6 10. a3 O-O 11. Rb1 Nc5 12. b4 axb4 13. axb4 Ne6 14. Be3 fxe4 15. Nxe4
Nxe4 16. dxe4 Nd4 17. Qd2 Nxe2 18. Qxe2 d5 19. cxd5 cxd5 20. Bg5 Qd6 21. O-O d4
22. Rb2 Be6 23. Rc1 Rfc8 24. Rxc8+ Rxc8 25. Qb5 b6 26. Qa6 h6 27. Bd2 Qc7 28.
Ne1 Bc4 29. Qa3 Qb7 30. Qf3 Bb5 31. Qg4 Be8 32. Nd3 Kh7 33. f4 Bd7 34. Qe2 Bc6
35. Nf2 exf4 36. b5 Bd7 37. Bxf4 Re8 38. Qd3 Rc8 39. e5 Qd5 40. Rb4 Bxe5 41.
Bxe5 Rc1+ 42. Nd1 Qxe5 43. Rxd4 Bxb5 44. Qd2 Qc5 45. Qf2 Kg7 46. Kh2 Rxd1 0-1

[Event "Int. Stuttgarter Stadtmeisterschaft A"]
[Site "Ditzingen"]
[Date "2018.05.10"]
[Round "2.34"]
[White "Narr, Matthias"]
[Black "Gheng, Simona"]
[Result "0-1"]
[WhiteElo "1868"]
[BlackElo "1974"]
[PlyCount "68"]
[EventDate "2018.??.??"]
[WhiteTeam "SR Heuberg-Gosheim"]
[BlackTeam "SF Deizisau"]

1. e4 c5 2. Nc3 d6 3. f4 Nc6 4. Nf3 g6 5. Bb5 Bg7 6. d3 e6 7. Bxc6+ bxc6 8. O-O
Ne7 9. Na4 Qa5 10. c4 O-O 11. e5 Rd8 12. exd6 Rxd6 13. Be3 Bd4 14. Nxd4 cxd4
15. Bd2 Qd8 16. Bb4 Rd7 17. Nc5 Nf5 18. Qf3 Bb7 19. Nxd7 Qxd7 20. Bd2 c5 21.
Qh3 h5 22. g4 hxg4 23. Qxg4 Qc6 24. Kf2 Kg7 25. Ke2 Rh8 26. Rf2 Rh4 27. Qg1 Rh3
28. Qf1 Rxd3 29. Ke1 Qe4+ 30. Re2 Ne3 31. Bxe3 dxe3 32. b3 Qd4 33. Rc1 e5 34.
fxe5 Qh4+ 0-1

[Event "Int. Stuttgarter Stadtmeisterschaft A"]
[Site "Ditzingen"]
[Date "2018.05.10"]
[Round "2.35"]
[White "Scheynin, Julia"]
[Black "Kistler, Michael"]
[Result "1-0"]
[WhiteElo "1986"]
[BlackElo "1848"]
[PlyCount "41"]
[EventDate "2018.??.??"]
[WhiteTeam "Karlsruher SF"]
[BlackTeam "VfL Sindelfingen"]

1. e4 c6 2. d3 d5 3. Nd2 g6 4. g3 Bg7 5. Bg2 dxe4 6. dxe4 Nd7 7. Ngf3 e6 8. Nc4
h6 9. Nd6+ Kf8 10. O-O Ne7 11. Qe2 Ne5 12. Rd1 Qc7 13. Bf4 Nxf3+ 14. Qxf3 e5
15. Bxe5 Be6 16. Nxf7 Bxe5 17. Nxe5+ Kg7 18. Qc3 Kh7 19. Nd3 Rhf8 20. Qe5 Qc8
21. Nc5 1-0

[Event "Int. Stuttgarter Stadtmeisterschaft A"]
[Site "Ditzingen"]
[Date "2018.05.10"]
[Round "2.36"]
[White "Schmidt, Markus"]
[Black "Schuster, Gerhard"]
[Result "1-0"]
[WhiteElo "1825"]
[BlackElo "1982"]
[PlyCount "70"]
[EventDate "2018.??.??"]
[WhiteTeam "Stuttgarter SF"]
[BlackTeam "SC Feuerbach"]

1. d4 Nf6 2. Nf3 b6 3. e3 e6 4. Bd3 Bb7 5. O-O c5 6. c4 Nc6 7. Nc3 cxd4 8. exd4
d5 9. Bg5 Be7 10. Bxf6 Bxf6 11. cxd5 exd5 12. Re1+ Kf8 13. Bc2 g6 14. Qd2 Kg7
15. Ne5 h5 16. f4 Be7 17. a3 Nxd4 18. b4 Nxc2 19. Qxc2 Rc8 20. Qd2 d4 21. Nb5
Qd5 22. Nxg6 Bf6 23. Nxh8 Qxb5 24. Nxf7 Kxf7 25. Rac1 Rc3 26. f5 Qd5 27. Qe2
Kg7 28. Red1 d3 29. Qd2 Kh7 30. Re1 Qc4 31. Re7+ Kg8 32. Rxc3 Bxc3 33. Qg5+ Kf8
34. Rxb7 Bd4+ 35. Kh1 d2 1-0

[Event "Int. Stuttgarter Stadtmeisterschaft A"]
[Site "Ditzingen"]
[Date "2018.05.10"]
[Round "2.37"]
[White "Poysti, Nathanael"]
[Black "Altimira, Jordi"]
[Result "1-0"]
[WhiteElo "1977"]
[BlackElo "1820"]
[PlyCount "71"]
[EventDate "2018.??.??"]
[BlackTeam "SV Rottweil"]

1. e4 e5 2. Nf3 Nc6 3. d4 exd4 4. Bc4 Bc5 5. c3 Nf6 6. e5 d5 7. Bb5 Ne4 8. cxd4
Bb4+ 9. Nfd2 O-O 10. Bxc6 bxc6 11. O-O Ba6 12. Re1 c5 13. Nxe4 dxe4 14. Rxe4
cxd4 15. Rxd4 Qe7 16. Bf4 Rad8 17. Nc3 Bb7 18. Nd5 Bxd5 19. Rxd5 Rxd5 20. Qxd5
Rd8 21. Qc6 Bc5 22. Rc1 Bd4 23. h3 Bxb2 24. Qxc7 Qxc7 25. Rxc7 g5 26. Rb7 Rd1+
27. Kh2 Bd4 28. Bxg5 Bxe5+ 29. g3 a5 30. Rb5 Bc3 31. Bh6 f6 32. Rb7 f5 33. Rc7
Ba1 34. Rc5 f4 35. Bxf4 a4 36. Ra5 1-0